Entrada Personal Name
Número de registros utilizados en: 1
001 - CONTROL NUMBER
- control field: 17185
003 - CONTROL NUMBER IDENTIFIER
- control field: DLC
005 - DATE AND TIME OF LATEST TRANSACTION
- control field: 20250612111440.0
008 - FIXED-LENGTH DATA ELEMENTS
- fixed length control field: 800609n| azannaabn |b aaa
010 ## - LIBRARY OF CONGRESS CONTROL NUMBER
- LC control number: n 80045891
035 ## - SYSTEM CONTROL NUMBER
- System control number: (OCoLC)oca00427854
040 ## - CATALOGING SOURCE
- Original cataloging agency: DLC
- Language of cataloging: spa
- Description conventions: rda
- Transcribing agency: Mx-PuUPA
- Modifying agency: DLC
- Modifying agency: DLC-R
- Modifying agency: OCoLC
- Modifying agency: CSt
- Modifying agency: Mx-PuUPA
046 ## - SPECIAL CODED DATES
- Birth date: 1804
- Death date: 1872
100 1# - HEADING--PERSONAL NAME
- Personal name: Feuerbach, Ludwig,
- Dates associated with a name: 1804-1872
374 ## - OCCUPATION
- Occupation: Autor
375 ## - GENDER
- Gender: hombre
377 ## - ASSOCIATED LANGUAGE
- Language code: ger
400 1# - SEE FROM TRACING--PERSONAL NAME
- Personal name: Fei-erh-pa-ha, Lu-te-wei-hsi,
- Dates associated with a name: 1804-1872
400 1# - SEE FROM TRACING--PERSONAL NAME
- Personal name: Feĭerbakh, L.
- Fuller form of name: (Li︠u︡dvig),
- Dates associated with a name: 1804-1872
400 1# - SEE FROM TRACING--PERSONAL NAME
- Personal name: Feĭerbakh, Li︠u︡dvig,
- Dates associated with a name: 1804-1872
400 1# - SEE FROM TRACING--PERSONAL NAME
- Control subfield: nna
- Personal name: Feuerbach, Ludwig Andreas,
- Dates associated with a name: 1804-1872
400 1# - SEE FROM TRACING--PERSONAL NAME
- Personal name: Feverbach, Ludwig,
- Dates associated with a name: 1804-1872
400 1# - SEE FROM TRACING--PERSONAL NAME
- Personal name: Foĭerbakh, Ludvig Andreas,
- Dates associated with a name: 1804-1872
400 1# - SEE FROM TRACING--PERSONAL NAME
- Personal name: Foierubahha,
- Dates associated with a name: 1804-1872
400 1# - SEE FROM TRACING--PERSONAL NAME
- Personal name: פייערבאך, לודוויג,
- Dates associated with a name: 1804-1872
400 1# - SEE FROM TRACING--PERSONAL NAME
- Personal name: 费尔巴哈,
- Dates associated with a name: 1804-1872
670 ## - SOURCE DATA FOUND
- Source citation: His Das Wesen des Christenthums.
670 ## - SOURCE DATA FOUND
- Source citation: Ocherki po filosofii L. Feĭerbakha, 1982:
- Information found: t.p. (L. Feĭerbakha)
670 ## - SOURCE DATA FOUND
- Source citation: Ferreri, D. Marx, Feverbach e l'antiumanesimo teorico, 1981 (subj.)
- Information found: t.p. (Feverbach) p. 8 (Feuerbach)
670 ## - SOURCE DATA FOUND
- Source citation: Ki︠u︡ranov, D. Ot opozit︠s︡ii︠a︡ kŭm pozit︠s︡ii︠a︡, 1989:
- Information found: t.p. (Foĭerbakh) p. 40 (Ludvig Andreas Foĭerbakh)
670 ## - SOURCE DATA FOUND
- Source citation: Taniguchi, T. Ningen shakai no tetsugaku, 1990:
- Information found: t.p. (in subtitle: Foierubahha)